000 01061nam a2200241 a 4500
001 37741
003 BD-RjUL
005 20211209052638.0
008 150427s1999 bg a|||| |||| 00| 0 ben d
035 _a(BD-RjUL)37845
040 _aBD-RjUL
_beng
_cBD-RjUL
041 _aeng
082 _223
_a973
_bBRP 1999
100 _aব্রিঙ্কলি, এল্যান
_9116640
245 _aপূর্ণতা সন্ধানে আমেরিকা :
_bমার্কিন জাতির সংক্ষিপ্ত ইতিহাস
_cএল্যান ব্রিঙ্কলি ; অনুবাদ আফতাব হোসেন
250 _a১ম সং.
260 _aঢাকা :
_bবাংলা একাডেমী
_c১৯৯৯
300 _a২৮, ১২২৪ পৃ. :
_bচিত্র ;
_c২৪ সেমি.
650 _aযুক্তরাষ্ট্র
_xইতিহাস
_9116641
650 _aUnited States
_xHistory.
_9116642
700 _aহোসেন, আফতাব
_9116643
942 _2ddc
_cBK
_014
999 _c37741
_d37741